Código fiscal y ley impositiva : Buenos Aires /
Código Fiscal - Ley de Apremio - Ley impositiva 2008 de la Provincia de Buenos Aires
Guardado en:
| Otros Autores: | , , |
|---|---|
| Formato: | Libro |
| Idioma: | Spanish |
| Publicado: |
Buenos Aires :
Erreius,
2008.
|
| Edición: | 1a. ed. |
| Materias: | |
| Etiquetas: |
Agregar Etiqueta
Sin Etiquetas, Sea el primero en etiquetar este registro!
|
| LEADER | 00723nam a22002055a 4500 | ||
|---|---|---|---|
| 001 | DER.der006367 | ||
| 008 | 180615s2008####|||||||||||||||||#||spa|| | ||
| 005 | 20241004121429.0 | ||
| 245 | 1 | 0 | |a Código fiscal y ley impositiva : |b Buenos Aires / |c Argentina. |
| 250 | |a 1a. ed. | ||
| 260 | |a Buenos Aires : |b Erreius, |c 2008. | ||
| 300 | |a 124 p. | ||
| 520 | |a Código Fiscal - Ley de Apremio - Ley impositiva 2008 de la Provincia de Buenos Aires | ||
| 020 | |a 978-987-01-0813-9 | ||
| 240 | 1 | 0 | |a Argentina - Códigos |
| 700 | 1 | |a Parada, Ricardo Antonio, |e comp. | |
| 700 | 1 | |a Errecaborde, José Daniel, |e comp. | |
| 700 | 1 | |a Cañada, Francisco Roberto, |e comp. | |
| 650 | 7 | |a DERECHO TRIBUTARIO | |
| 859 | |a DERECHO |b BIB. DERECHO |h 343.04 |i ARG |p 005677 | ||
